000 04990cam0 2200649 ib4500
001 BY-NLB-br0001096128
005 20260402103425.0
010 ^a978-5-98156-543-4
^bв переплете
100 ^a20140707d2013 m y0rusy50 ca
101 0 ^arus
102 ^aRU
105 ^ay z 010yd
109 ^ada
181 0 ^ai4
182 0 ^an
200 1 ^aСмоленская поэтическая школа
^eмифы и реальность
^fсоставители, авторы вступительных статей П. И. Привалов, Н. Н. Илькевич
203 ^aТекст
^cнепосредственный
210 ^d2013
215 ^a298 с.
320 ^aБиблиография в примечаниях в конце разделов и в тексте
327 1 ^aСодержание: "Дело" Македонова. Венок на могилу А. В. Македонова
^aПасынок судьбы / В.И. Муравьев
^aСмоленская поэтическая школа в контексте реальности / В. А. Твардовская
345 ^9810 экз.
461 1 ^12001
^aСмоленская земля в памятниках русской словесности
^e[сборник
^fпод общей редакцией В. В. Ильина]
^vТ. 39
^1010
^a978-5-98156-366-9
^bв переплете
^1210
^aСмоленск
^cМаджента
^d2012—2013
^1215
^d22 см
464 0 ^12001
^a"Дело" Македонова. Венок на могилу А. В. Македонова
464 0 ^12001
^aПасынок судьбы
^1700 1
^3BY-NLB-ar95671
^aМуравьев
^bВ. И.
^gВладимир Игнатьевич
^cлитературовед
^f1911—1952
464 0 ^12001
^aСмоленская поэтическая школа в контексте реальности
^1700 1
^3BY-SEK-618437
^aТвардовская
^bВ. А.
^gВалентина Александровна
^cдоктор исторических наук
^fрод. 1931
600 1 ^3BY-NLB-ar96121
^aМакедонов
^bА. В.
^gАдриан Владимирович
^cлитературовед
^cдоктор геолого-минералогических наук
^f1909—1994
^2BY-auth
600 1 ^3BY-NLB-ar95671
^aМуравьев
^bВ. И.
^gВладимир Игнатьевич
^cлитературовед
^f1911—1952
^2BY-auth
606 ^3BY-NLB-ar28702
^aРУССКАЯ ЛИТЕРАТУРА
^2DVNLB
606 ^3BY-NLB-ar44423
^aПИСАТЕЛИ
^2DVNLB
606 ^3BY-NLB-ar25020
^aПОЭТЫ
^2DVNLB
606 ^3BY-NLB-ar16410
^aЛИТЕРАТУРОВЕДЫ
^2DVNLB
606 ^3BY-NLB-ar28726
^aРУССКИЙ
^2DVNLB
606 ^3BY-NLB-ar28195
^aПОЛИТИЧЕСКИЕ РЕПРЕССИИ
^2DVNLB
606 ^3BY-NLB-ar32480
^aСУДЕБНЫЕ ПРОЦЕССЫ
^2DVNLB
606 ^3BY-NLB-ar2941
^aАРХИВНЫЕ ДОКУМЕНТЫ
^2DVNLB
606 ^3BY-NLB-ar2138204
^aСТИЛИ И НАПРАВЛЕНИЯ В ЛИТЕРАТУРЕ
^2DVNLB
606 ^3BY-NLB-ar3331485
^aСМОЛЕНСКАЯ ПОЭТИЧЕСКАЯ ШКОЛА
^2DVNLB
607 ^3BY-NLB-ar56439
^aСоюз Советских Социалистических Республик
^2BY-auth
660 ^ae-ur
686 ^a83.3(2Рос) + 83.3(2Рос)6
^2rubbk
690 ^a1
^2Base
^9BY-MI0000
^xRSEK
702 1 ^3BY-SEK-ar7501805
^aПривалов
^bП. И.
^gПетр Иванович
^4220
^4080
702 1 ^aИльин
^bВ. В.
^4340
702 1 ^3BY-SEK-266154
^aИлькевич
^bН. Н.
^gНиколай Николаевич
^cкраевед
^fрод. 1958
^4220
^4080
801 0 ^aBY
^bBY-HM0000
^c20140707
^gpsbo
801 2 ^aBY
^bBY-MI0000
^c20260324
^gRCR
035 ^a(BY-MI0000)BY-NLB-br0001096128
899 0 ^aBY-MI0000
^iС511
^h83.3(2Рос)